| 000 | 00000nam##2200000za#4500 |
| 001 | 9.570229 |
| 003 | CaOODSP |
| 005 | 20220901140007 |
| 007 | cr ||||||||||| |
| 008 | 150406|1994||||xxc|||||o f|0| 0 eng|d |
| 040 | |aCaOODSP|beng |
| 043 | |an-cn--- |
| 086 | 1 |aJ3-8/1994-13E-PDF |
| 110 | 1 |aCanada.|bJustice Canada. |
| 245 | 10|aIncarcerated gang members in British Columbia : |h[electronic resource]|ba preliminary study / |c[by] Robert M. Gordon. |
| 260 | |aOttawa - Ontario : |bJustice Canada |c1994. |
| 300 | |a27p. |
| 490 | 1 |aWorking document|vWD1994-13e |
| 504 | |aBibliography. |
| 590 | |a11-08-Supp|b2011-06-16 |
| 720 | 1 |aGordon, Robert M. |
| 775 | 08|tLes membres de gang incarcérés en Colombie-Britannique : |w(CaOODSP)9.600977 |
| 830 | #0|aWorking document ;|vWD1994-13e|w(CaOODSP)9.505668 |
| 856 | 40|ahttp://publications.gc.ca|qPDF|s86 KB|uhttps://publications.gc.ca/collections/collection_2011/jus/J3-8-1994-13-eng.pdf|yWD1994-13e |